00405nam a2200133Ia 4500008004100000024004000041082002000081100003800101245003000139260002600169600002100195650003800216999001700254260210s9999 xx 000 0 und d a00A-69-BS-4Y & 00A-10-BS-4Y a332.0053072 SAR aSarfaraz Khan & Zeeshan Malik 0aBanking Enterprise System aKarachi:bUITU,c2000 aComputer Science aBachelor of Computer Science (BS) c31709d31709